Difference between a man and a woman / (Record no. 126969)

MARC details
000 -LEADER
fixed length control field 00684nam a22002297a 4500
005 - DATE AND TIME OF LATEST TRANSACTION
control field 20170124110017.0
010 ## - LIBRARY OF CONGRESS CONTROL NUMBER
LC control number 793873
020 ## - INTERNATIONAL STANDARD BOOK NUMBER
Terms of availability 00.00
International Standard Book Number 718108035
035 ## - SYSTEM CONTROL NUMBER
System control number 793873
037 ## - SOURCE OF ACQUISITION
Source of stock number/acquisition Cen Lib/Ret
040 ## - CATALOGING SOURCE
Original cataloging agency DPL
Language of cataloging EN
082 ## - DEWEY DECIMAL CLASSIFICATION NUMBER
Classification number 301.424
Item number LAN
100 ## - MAIN ENTRY--PERSONAL NAME
Personal name Lang, Theo
9 (RLIN) 19011
245 ## - TITLE STATEMENT
Title Difference between a man and a woman /
Statement of responsibility, etc by Theo Lang
260 ## - PUBLICATION, DISTRIBUTION, ETC. (IMPRINT)
Place of publication, distribution, etc London
Name of publisher, distributor, etc Michael Joseph
Date of publication, distribution, etc 1971
270 ## - ADDRESS
City London
Address 52, bedford square
300 ## - PHYSICAL DESCRIPTION
Extent 413p.
Dimensions 20cm(Hb)
500 ## - GENERAL NOTE
General note Includes bibliographical references and index
650 ## - SUBJECT ADDED ENTRY--TOPICAL TERM
Topical term or geographic name as entry element Social science
9 (RLIN) 88662
650 ## - SUBJECT ADDED ENTRY--TOPICAL TERM
Topical term or geographic name as entry element Difference
General subdivision Man & Women
9 (RLIN) 19013
942 ## - ADDED ENTRY ELEMENTS (KOHA)
Source of classification or shelving scheme Dewey Decimal Classification
Koha item type English Books
Classification part 301.424
Call number suffix LAN
Holdings
Withdrawn status Lost status Damaged status Not for loan Home library Current library Date acquired Source of acquisition Cost, normal purchase price Total Checkouts Full call number Barcode Date last seen Date checked out Copy number Cost, replacement price Price effective from Koha item type
        Central Library Central Library 27/06/2015 Cen Lib/Ret 0.00 2 301.424 LAN 793873 10/01/2025 03/01/2025 1 0.00 27/06/2015 English Books

© Delhi Public Library
Hit Counter
free hit counter